[Event "Ankara Ipek Memorial 7th"]
[Site "Ankara"]
[Date "2019.03.10"]
[Round "6"]
[White "Karadag, Eflatun Cem"]
[Black "Bingologlu, Furkan"]
[Result "0-1"]
[WhiteElo "1879"]
[BlackElo "1578"]
[PlyCount "68"]
[EventDate "2019.03.06"]
[EventType "swiss"]
[EventRounds "7"]
[EventCountry "TUR"]
[SourceTitle "CBM 189 Extra"]
[Source "ChessBase"]
[SourceDate "2019.05.31"]
[SourceVersion "1"]
[SourceVersionDate "2019.05.31"]
[SourceQuality "1"]

1. d4 Nf6 2. Nf3 e6 3. g3 b6 4. Bg2 Bb7 5. 0-0 c5 6. c4 cxd4 7. Qxd4 Bc5 8. Qc3 Nc6 9. a3 a5 10. Bf4 0-0 11. Ne5 Rc8 12. Nd2 Bd4 13. Qb3 d6 14. Nxc6 Bxc6 15. Nf3 Bc5 16. Rfd1 a4 17. Qc2 Qe7 18. Nd2 Qb7 19. Bxc6 Qxc6 20. h3 h6 21. e4 Nh5 22. Nf1 Nxf4 23. gxf4 f5 24. Ng3 fxe4 25. Qxe4 Qxe4 26. Nxe4 Rc6 27. Kg2 Rxf4 28. f3 d5 29. cxd5 exd5 30. Rxd5 Rg6+ 31. Ng3 Rc4 32. Rad1 Rc2+ 33. R5d2 Rxd2+ 34. Rxd2 Bd6 0-1